[Event "Challenge"]
[Site "http://www.queenalice.com/game.php?id=1050197"]
[Date "2012.4.18"]
[Round "-"]
[White "soudeDeus"]
[Black "CaroLuigi"]
[Result "0-1"]
[WhiteElo "1375"]
[BlackElo "1386"]

1. g3 d5 2. Bg2 Nf6 3. b3 e5 4. Bb2 Nc6 5. e3 Bc5 6. d4 exd4 7. exd4 Qe7+ 8. Qe2
Qxe2+ 9. Nxe2 Bb4+ 10. c3 Bd6 11. Nd2 O-O 12. h4 Re8 13. a4 Bf5 14. c4 Bd3 15.
Bf1 Bb4 16. Kd1 Ng4 17. Rh2 Nxh2 18. Nc1 Bxf1 19. Nxf1 Re1+ 20. Kc2 Rxf1 21.
cxd5 Rxf2+ 22. Kb1 Na5 23. Nd3 Rf1+ 24. Ka2 Rxa1+ 25. Bxa1 Bd6 26. b4 Nc4 27.
Kb3 Nb6 28. a5 Nxd5 29. Kc4 Ne3+ 30. Kc3 Bxg3 31. Nc5 b6 32. axb6 axb6 33. Bb2
bxc5 34. bxc5 Nd1+ 35. Kc2 Nxb2 36. Kxb2 Ra4 37. d5 Ra5 38. d6 Rxc5 39. d7 Bxh4
40. Kb3 Rd5 41. Kc4 Rxd7 42. Kc5 f5 43. Kc6 Rd1 44. Kxc7 f4 45. Kc6 f3 46. Kc5
f2 47. Kc6 f1=Q 48. Kc5 Qd3 49. Kc6 Qc2+ 50. Kb6 Rb1+ 51. Ka6 Qa4# 0-1

[Event "Challenge"]
[Site "http://www.queenalice.com/game.php?id=1051356"]
[Date "2012.4.22"]
[Round "-"]
[White "magalhaes_br"]
[Black "CaroLuigi"]
[Result "0-1"]
[WhiteElo "1250"]
[BlackElo "1280"]

1. e4 e5 2. Nf3 Nf6 3. Bd3 Nc6 4. Nc3 Bc5 5. Qe2 O-O 6. O-O d6 7. Bc4 Nb4 8. Ne1
Bg4 9. Nf3 Nxc2 10. Rb1 Nd4 11. Qd1 Nxf3+ 12. gxf3 Bh3 13. Re1 Nh5 14. Re2 Qg5+
15. Kh1 Qg2# 0-1

[Event "FORÇA PEDRAO VI"]
[Site "http://www.queenalice.com/game.php?id=1052312"]
[Date "2012.4.24"]
[Round "-"]
[White "rogeriooliveira"]
[Black "CaroLuigi"]
[Result "1-0"]
[WhiteElo "1347"]
[BlackElo "1516"]

1. e4 e5 2. d4 exd4 3. Qxd4 Nc6 4. Qd5 Nf6 5. Qd3 d6 6. Qe2 g6 7. Nc3 Bg7 8. Nf3
O-O 9. Bg5 Re8 10. Bxf6 Bxf6 11. O-O-O Bg4 12. h3 Be6 13. Rd3 Bc4 14. Qd2 Bxd3
15. Qxd3 Bxc3 16. bxc3 Ne5 17. Nxe5 Qg5+ 18. Qd2 Qxd2+ 19. Kxd2 Rxe5 20. Bd3 c5
21. c4 Rae8 22. f4 Rxe4 23. Bxe4 Rxe4 24. g3 Rxc4 25. c3 Ra4 26. Ra1 b5 27. Kc2
b4 28. cxb4 Rxb4 29. a3 Re4 30. a4 Kg7 31. a5 Rb4 32. Kc3 Kf6 33. a6 Ke6 34. h4
Kd7 35. Kd3 Kc6 36. Kc3 Kb6 37. Kd3 Rb3+ 38. Ke2 1-0

[Event "AUTO-INT-2306"]
[Site "http://www.queenalice.com/game.php?id=1052889"]
[Date "2012.4.26"]
[Round "1"]
[White "DeomoNNio"]
[Black "CaroLuigi"]
[Result "1-0"]
[WhiteElo "1348"]
[BlackElo "1326"]

1. e4 e5 2. Nf3 Nf6 3. d4 Nxe4 4. Bd3 d5 5. Bxe4 dxe4 6. Nxe5 Bd6 7. Nc3 Bxe5 8.
dxe5 Qxd1+ 9. Nxd1 O-O 10. O-O Re8 11. Bf4 Nc6 12. e6 Bxe6 13. Bxc7 Nb4 14. Nc3
Rac8 15. Nb5 Bc4 16. Nd6 Bxf1 17. Nxe8 Rxe8 18. Kxf1 Rc8 19. Rd1 f5 20. Rd7 Nxc2
21. Be5 Rc5 22. Rxg7+ Kf8 23. Bf6 Rc6 24. Be5 Re6 25. Bc3 Re7 26. Rxe7 Kxe7 27.
Ke2 b5 28. Kd2 b4 29. Kxc2 bxc3 30. Kxc3 Kd6 31. Kd4 Ke6 32. b4 Kd6 33. a4 h6
34. g3 Ke6 35. b5 Kd6 36. a5 Kc7 37. Ke5 Kb7 38. Kxf5 1-0

[Event "AUTO-INT-2306"]
[Site "http://www.queenalice.com/game.php?id=1052890"]
[Date "2012.4.26"]
[Round "1"]
[White "CaroLuigi"]
[Black "DeomoNNio"]
[Result "0-1"]
[WhiteElo "1412"]
[BlackElo "1495"]

1. d4 Nf6 2. c4 g6 3. Nc3 d5 4. e3 Bg7 5. Nf3 c6 6. cxd5 Nxd5 7. e4 Nxc3 8. bxc3
Bg4 9. Be2 Bxf3 10. Bxf3 e5 11. Bb2 O-O 12. O-O exd4 13. cxd4 Nd7 14. Re1 Nb6
15. Rc1 Re8 16. h4 Qxh4 17. g3 Qe7 18. Kg2 Rad8 19. Qd3 Qb4 20. Bc3 Qc4 21. Qxc4
Nxc4 22. e5 Na3 23. Bb2 Nb5 24. Red1 h5 25. Be2 Nc7 26. Bc4 Nd5 27. Rh1 Bh6 28.
Rcd1 Bg5 29. Rh3 b5 30. Bb3 a5 31. Bc1 Bxc1 32. Rxc1 a4 33. Bxd5 Rxd5 34. Rh4
Red8 35. Rxc6 Rxd4 36. Rc5 Rxh4 37. gxh4 Rb8 38. f4 b4 39. Rc4 b3 40. axb3 axb3
41. Rc1 b2 42. Rb1 Rb3 43. Kf2 Kf8 44. Ke2 Ke7 45. Kd2 Ke6 46. Kc2 Rb4 47. Rxb2
Rxb2+ 48. Kxb2 Kf5 49. Kc3 Kxf4 50. Kd4 g5 51. hxg5 Kxg5 52. Ke4 h4 53. Kf3 Kf5
54. Kg2 Kxe5 55. Kh3 Ke4 56. Kxh4 f5 57. Kg3 Ke3 58. Kg2 f4 59. Kf1 Kf3 60. Ke1
Kg2 0-1

[Event "AUTO-INT-2306"]
[Site "http://www.queenalice.com/game.php?id=1052901"]
[Date "2012.4.26"]
[Round "1"]
[White "schiappino"]
[Black "CaroLuigi"]
[Result "0-1"]
[WhiteElo "1457"]
[BlackElo "1441"]

1. f4 d5 2. Nf3 Nf6 3. e3 Bf5 4. d3 Nc6 5. Be2 e6 6. O-O Bc5 7. Qe1 Qd6 8. d4
Bb6 9. c3 O-O-O 10. Na3 a6 0-1

[Event "AUTO-INT-2306"]
[Site "http://www.queenalice.com/game.php?id=1052902"]
[Date "2012.4.26"]
[Round "1"]
[White "CaroLuigi"]
[Black "schiappino"]
[Result "1-0"]
[WhiteElo "1465"]
[BlackElo "1438"]

1. d4 d5 2. c4 Bf5 3. Nc3 e6 4. Nf3 Nc6 5. Qb3 Nb4 6. Kd2 Nc2 7. Rb1 Qf6 8. e3
Bb4 9. Bd3 Bxd3 10. Kxd3 Qf5+ 11. Kd2 1-0

[Event "AUTO-INT-2306"]
[Site "http://www.queenalice.com/game.php?id=1052907"]
[Date "2012.4.26"]
[Round "1"]
[White "Ricardoabreu"]
[Black "CaroLuigi"]
[Result "0-1"]
[WhiteElo "1598"]
[BlackElo "1353"]

1. b3 d5 2. Bb2 Nc6 3. g3 e5 4. e3 a6 5. Bg2 Nf6 6. Ne2 Bc5 7. Ba3 Bxa3 8. Nxa3
O-O 9. O-O Bf5 10. d3 Qd6 11. Nb1 Rfe8 12. Nd2 Qe6 13. a4 Bh3 14. Nf3 Qg4 15.
Ng5 Bxg2 16. Kxg2 Qxg5 17. h4 Qf5 18. d4 exd4 19. exd4 Qe4+ 20. Kg1 Qxe2 21. Qc1
Nxd4 22. Re1 Qxe1+ 23. Qxe1 Rxe1+ 24. Rxe1 Nf3+ 25. Kf1 Nxe1 26. Kxe1 Re8+ 27.
Kf1 Ne4 28. Kg2 Nc3 29. g4 Re2 30. g5 Rxc2 31. h5 Ne4 32. Kf3 Rxf2+ 33. Ke3 Rg2
34. g6 hxg6 35. hxg6 Rxg6 36. Kd4 Re6 37. Kxd5 g5 38. b4 Nc3+ 39. Kd4 Nxa4 40.
Kc4 g4 41. Kb3 g3 0-1

[Event "AUTO-INT-2306"]
[Site "http://www.queenalice.com/game.php?id=1052908"]
[Date "2012.4.26"]
[Round "1"]
[White "CaroLuigi"]
[Black "Ricardoabreu"]
[Result "1-0"]
[WhiteElo "1283"]
[BlackElo "1578"]

1. d4 b6 2. e4 g6 3. Nf3 Bg7 4. Bc4 e6 5. Nc3 Bb7 6. O-O Ba6 7. Qd3 Bxc4 8. Qxc4
c6 9. Bg5 f6 10. Bf4 Ne7 11. Rad1 O-O 12. d5 cxd5 13. exd5 e5 14. d6+ Kh8 15.
dxe7 Qxe7 16. Rfe1 d6 17. Qd5 Na6 18. Be3 Rfc8 19. Qxd6 Qxd6 20. Rxd6 Kg8 21. a3
Bf8 22. Rxf6 Bg7 23. Re6 Nc7 24. Re7 Nb5 25. Nxb5 e4 26. Nfd4 Bxd4 27. Bxd4 Rxc2
28. Rg7+ Kh8 29. Rc7+ Kg8 30. Rxc2 Re8 31. Nxa7 h5 32. Rce2 Rd8 33. Rxe4 b5 34.
Re8+ Rxe8 35. Rxe8+ Kf7 36. Re5 1-0

[Event "AUTO-OPEN-2670"]
[Site "http://www.queenalice.com/game.php?id=1053125"]
[Date "2012.4.26"]
[Round "1"]
[White "adrb"]
[Black "CaroLuigi"]
[Result "1-0"]
[WhiteElo "2096"]
[BlackElo "1386"]

1. d4 Nf6 2. c4 e6 3. Nc3 Bb4 4. Qc2 Nc6 5. Nf3 h6 6. e4 d6 7. Be2 O-O 8. O-O
Re8 9. Be3 Ng4 10. Bd2 e5 11. d5 Nd4 12. Nxd4 exd4 13. Nb5 Bc5 14. b4 d3 15.
Bxd3 Bxf2+ 16. Rxf2 Nxf2 17. Kxf2 Qf6+ 18. Kg3 Qxa1 19. Nxc7 h5 20. Nxa8 Qe5+
21. Bf4 h4+ 22. Kf3 Qh5+ 23. Kf2 h3 24. Nc7 Qh4+ 25. g3 Qe7 26. Nxe8 Qxe8 27.
Bxd6 Qd8 28. c5 Qf6+ 29. Bf4 g5 30. e5 Qd8 31. Bc1 Qxd5 32. Bxg5 Qg2+ 33. Ke3
Qg1+ 34. Kf4 Qd4+ 35. Be4 Qxb4 36. Qd3 Qxc5 37. Qd8+ Kg7 38. Bf6+ 1-0

[Event "AUTO-OPEN-2670"]
[Site "http://www.queenalice.com/game.php?id=1053126"]
[Date "2012.4.26"]
[Round "1"]
[White "CaroLuigi"]
[Black "adrb"]
[Result "1/2-1/2"]
[WhiteElo "1527"]
[BlackElo "2135"]

1. d4 Nf6 2. c4 g6 3. Nf3 Bg7 4. Nc3 O-O 5. e4 d6 6. Bf4 Bg4 7. h3 Bxf3 8. Qxf3
Nc6 9. Be3 Nb4 10. Qd1 c6 11. a3 Na6 12. Bd3 e5 13. dxe5 dxe5 14. O-O Qc7 15.
Qd2 Rfd8 16. Rad1 Rd7 17. Qe2 Qa5 18. Rd2 Nc5 19. Bxc5 Qxc5 20. b4 Qe7 21. Rfd1
Rad8 22. Qe3 b6 23. Bc2 Nh5 24. Rxd7 Rxd7 25. Rxd7 Qxd7 26. Ne2 Nf6 27. Qd3 Qc7
28. f3 Nd7 29. Nc3 a6 30. Bb3 Bf8 31. g3 a5 32. Na2 axb4 33. axb4 Nb8 34. Qc3
Na6 35. Kg2 h5 36. b5 cxb5 37. cxb5 Nc5 38. Qc4 Ne6 39. Qxc7 Nxc7 40. Bc4 Ne8
41. Bd5 Bc5 42. Nc3 Nc7 43. Bc4 Kf8 44. Na4 Bd4 45. Kf1 Ke7 46. Ke2 f5 47. exf5
gxf5 48. g4 hxg4 49. hxg4 e4 50. g5 Kd6 51. fxe4 fxe4 52. Kd2 Ne6 53. Bxe6 Kxe6
54. Nc3 Kf5 55. Nxe4 Kxe4 56. g6 Kf5 57. Kd3 Bf6 58. Kc4 Kxg6 59. Kd5 Kf5 60.
Kc6 Bd4 61. Kd5 Bc5 62. Kc4 Ke6 63. Kb3 Kd5 64. Ka4 Be7 65. Kb3 Kd4 66. Ka4 Kc4
1/2-1/2

[Event "AUTO-OPEN-2670"]
[Site "http://www.queenalice.com/game.php?id=1053137"]
[Date "2012.4.26"]
[Round "1"]
[White "Morysek"]
[Black "CaroLuigi"]
[Result "0-1"]
[WhiteElo "2142"]
[BlackElo "1504"]

1. c4 e5 2. Nc3 Nf6 3. e4 Nc6 4. Nf3 Bc5 5. Be2 O-O 6. O-O d6 7. a3 a5 8. Qc2
Nd4 9. Nxd4 Bxd4 10. Rd1 Ng4 11. Rf1 Qh4 12. Bxg4 Qxg4 13. Nb5 Bb6 14. d3 Qg6
15. g3 Bh3 16. Re1 f5 17. Be3 Qg4 18. Qe2 Bxe3 19. Qxe3 f4 20. f3 Qg6 21. Qf2 c6
22. Nc3 Rf6 23. g4 h5 24. Qh4 hxg4 25. fxg4 Qxg4+ 26. Qxg4 Bxg4 27. Kf2 Rh6 28.
Rh1 Rh3 0-1

[Event "AUTO-OPEN-2670"]
[Site "http://www.queenalice.com/game.php?id=1053138"]
[Date "2012.4.26"]
[Round "1"]
[White "CaroLuigi"]
[Black "Morysek"]
[Result "1-0"]
[WhiteElo "1386"]
[BlackElo "2143"]

1. d4 d5 2. c4 Nc6 3. Nf3 Bg4 4. e3 Nf6 5. Nc3 Qd7 6. Be2 O-O-O 7. O-O h5 8. Ng5
e6 9. h3 Bxe2 10. Qxe2 g6 11. cxd5 exd5 12. b3 Bh6 13. Nf3 g5 14. e4 g4 15. Ne5
Nxe5 16. dxe5 Nxe4 17. Nxe4 dxe4 18. Bxh6 Rxh6 19. Rad1 Qf5 20. Rxd8+ Kxd8 21.
Qd2+ Ke7 22. Qxh6 gxh3 23. Qf6+ 1-0

[Event "Challenge"]
[Site "http://www.queenalice.com/game.php?id=1061914"]
[Date "2012.5.20"]
[Round "-"]
[White "soudeDeus"]
[Black "CaroLuigi"]
[Result "1-0"]
[WhiteElo "1517"]
[BlackElo "1546"]

1. g3 d5 2. Bg2 Nf6 3. b3 e5 4. Bb2 Nc6 5. d3 Bc5 6. e3 O-O 7. c3 Re8 8. d4 exd4
9. cxd4 Bb4+ 10. Bc3 Qe7 11. Bxb4 Qxb4+ 12. Qd2 Bg4 13. h3 Bf5 14. a3 Qxb3 15.
Nc3 Ne4 16. Nxe4 Bxe4 17. Bxe4 Rxe4 18. Ke2 Nxd4+ 19. Kf1 Nc2 20. Rc1 Rc4 21.
Ne2 Nxa3 22. Rxc4 Qxc4 23. Qb2 Nb5 24. Kg2 Qe4+ 25. Kh2 Qf3 26. Nf4 c6 27. Rg1
a5 28. g4 d4 29. Nh5 Qe4 30. exd4 Qxd4 31. Qc2 Rd8 32. Qf5 Qd6+ 33. Kh1 Qd5+ 34.
Rg2 1-0

[Event "Challenge"]
[Site "http://www.queenalice.com/game.php?id=1063446"]
[Date "2012.5.24"]
[Round "-"]
[White "sunking1"]
[Black "CaroLuigi"]
[Result "1-0"]
[WhiteElo "1581"]
[BlackElo "1516"]

1. d4 Nf6 2. d5 c6 3. Nc3 Qa5 4. Bd2 Nxd5 5. Nxd5 Qxd5 6. Nf3 e5 7. Bg5 Qxd1+ 8.
Rxd1 f6 9. Be3 d5 10. c4 Be6 11. b3 Bb4+ 12. Bd2 Bxd2+ 13. Rxd2 O-O 14. e4 dxe4
15. Nh4 Na6 16. f3 exf3 17. Nxf3 Rad8 18. Bd3 Nb4 19. Rf1 Rxd3 20. Ke2 Rxd2+ 21.
Nxd2 c5 22. Ne4 b6 23. a3 Nc2 24. a4 Rd8 25. Rd1 Bg4+ 26. Kf2 Rxd1 27. Ng3 Rd2+
28. Ne2 Rxe2+ 29. Kg3 h5 30. h3 Bd7 31. Kf3 Re3+ 32. Kf2 Rxb3 33. h4 Rb4 34. g3
Rxa4 35. Kf3 Rxc4 36. Kg2 a5 37. Kf3 a4 38. Kg2 a3 39. Kf3 a2 40. Kg2 1-0

[Event "play chess"]
[Site "http://www.queenalice.com/game.php?id=1063897"]
[Date "2012.5.25"]
[Round "-"]
[White "stefan0611"]
[Black "CaroLuigi"]
[Result "0-1"]
[WhiteElo "1590"]
[BlackElo "1504"]

1. e4 c5 2. Nf3 Nc6 3. c3 d6 4. d4 Bg4 5. Bb5 a6 6. Bxc6+ bxc6 7. h3 Bh5 8. Be3
cxd4 9. cxd4 Nf6 10. Nc3 e5 11. d5 cxd5 12. Nxd5 Nxd5 13. exd5 Qa5+ 14. Qd2
Qxd2+ 15. Nxd2 Rc8 16. O-O Be7 17. Ne4 O-O 18. Ng3 Bg6 19. Rfc1 f5 20. f4 Bh4
21. Ne2 Bf6 22. g4 fxg4 23. hxg4 Bd3 24. Nc3 exf4 25. Bxf4 Bd4+ 26. Kg2 Rxf4 27.
Kg3 Rcf8 28. Rd1 Be5 0-1

[Event "Challenge"]
[Site "http://www.queenalice.com/game.php?id=1063960"]
[Date "2012.5.25"]
[Round "-"]
[White "sunking"]
[Black "CaroLuigi"]
[Result "0-1"]
[WhiteElo "1570"]
[BlackElo "1527"]

1. d4 Nf6 2. d5 e6 3. Nc3 Bb4 4. Bd2 O-O 5. Nb5 Bxd2+ 6. Qxd2 Nxd5 7. Nf3 a6 8.
Nbd4 d6 9. Ng5 Bd7 10. h4 Nc6 11. Qd3 Nf6 12. e3 Nxd4 13. Qxd4 e5 14. Qd3 h6 15.
g3 Bc6 16. Be2 Bxh1 17. Kd2 e4 18. Nxe4 Bxe4 19. Qd4 c5 20. Qc3 Bf5 21. Rd1 Ne4+
22. Ke1 Nxc3 23. bxc3 Bxc2 24. Rd2 Ba4 25. c4 Qb6 26. e4 Qb1+ 27. Bd1 Bxd1 28.
Rxd1 Qxe4+ 29. Kf1 Qxc4+ 30. Kg1 Rad8 31. a3 Rfe8 32. Rf1 Re2 33. Kg2 Qe4+ 34.
Kh3 Qf3 35. Rg1 Rxf2 36. Rg2 Rxg2 0-1